000 00616cam a2200205 a 4500
001 000012361
005 20200929163019.0
008 770512s1978 pr b 001 0 spa d
020 _a0847727343
040 _aDO-SdBNP
_bspa
_cLC
_dBNPHU
082 _a370.19
_aN682f, 1978
100 1 _aNieves Aponte, Miguel.
_929042
245 1 0 _aFundamentos sociales de la educación /
_cMiguel Nieves Aponte.
250 _a2a ed.
260 _aPuerto Rico :
_bUniversitaria,
_c1978.
300 _axii, 329 p. ;
_c22 cm.
650 4 _aSociología de la educación
_97856
650 4 _aAmbiente educativo
_929043
049 _aBNGR
999 _c12018
_d12018